000 00543 a2200157 4500
999 _c331177
_d331177
001 86282
003 NUST
005 20170921104115.0
008 170921b xxu||||| |||| 00| 0 eng d
020 _a9789812328625
040 _cNUST
082 _a954.91
_bSHE
110 _aSheehan, Sean; Shahrezad Samiuddin
_94735
245 _aPakistan; castle with a thousand doors, 2 ed
_bcultures of the world
_cSean Sheehan
250 _a2
260 _asingapore
_btimes book
_c2004
300 _a144 p.
942 _2ddc
_cBK